| 000 | 00504nam a2200181Ia 4500 | ||
|---|---|---|---|
| 999 |
_c19802 _d19802 |
||
| 003 | OSt | ||
| 005 | 20200708100917.0 | ||
| 008 | 190216s9999||||xx |||||||||||||| ||und|| | ||
| 020 | _a9780582491144 | ||
| 040 | _coclc | ||
| 082 |
_a952.031 _bNIS/O |
||
| 100 |
_aNish, Ian _93642 |
||
| 245 | 4 |
_aThe Origins Of The Russo-Japanese War / _cIan Nish |
|
| 260 |
_bLongmans, _c1985. _aLondon: |
||
| 300 | _a274p | ||
| 650 | _aHistory | ||
| 942 |
_cBK _2ddc _h952.031 _iNIS/O _k952.031 _mNIS/O |
||